| 000 | 00861nab a2200253 u 4500 | ||
|---|---|---|---|
| 001 | 16375 | ||
| 003 | HDC | ||
| 007 | cr bn ---aaaaa | ||
| 008 | 210220c20110709xx dr|noo 0 a eng d | ||
| 040 | _aHDC | ||
| 100 |
_aAllard, Tom _eauthor _916222 |
||
| 245 | 0 |
_aIndonesia to issue import permits for 180,000 cattle / by _cTom Allard |
|
| 260 |
_a[No place] : _b[publisher not identified], _c2011 |
||
| 336 |
_atext _2rdacontent |
||
| 337 |
_acomputer _2rdamedia |
||
| 338 |
_aonline resource _2rdacarrier |
||
| 650 |
_aMeat and Poultry _916099 |
||
| 650 |
_aslaughterhouses _zIndonesia _916223 |
||
| 710 | _aHalal Focus | ||
| 856 | _zRequest full-text at [email protected] | ||
| 942 | _2lcc | ||
| 942 | _cNEWS | ||
| 942 | _kNWSO 005695 | ||
| 999 |
_c13691 _d13691 |
||